Kết cấu thép
Trình bày một số kiến thức cơ bản về kết cấu thép nhà công nghiệp một tầng, nhà nhịp lớn và nhà cao tầng
שמור ב:
| מחבר ראשי: | |
|---|---|
| פורמט: | ספר |
| שפה: | Undetermined |
| יצא לאור: |
Hà Nội
Khoa học và Kỹ thuật
2013
|
| נושאים: | |
| תגים: |
הוספת תג
אין תגיות, היה/י הראשונ/ה לתייג את הרשומה!
|
| Thư viện lưu trữ: | Trung tâm Học liệu Trường Đại học Cần Thơ |
|---|
| LEADER | 00852nam a2200217Ia 4500 | ||
|---|---|---|---|
| 001 | CTU_196569 | ||
| 008 | 210402s9999 xx 000 0 und d | ||
| 020 | |c 98000 | ||
| 082 | |a 624.1821 | ||
| 082 | |b H452/T.2 | ||
| 100 | |a Nguyễn, Quang Viên | ||
| 245 | 0 | |a Kết cấu thép | |
| 245 | 0 | |c Nguyễn Quang Viên, Phạm Văn Tư, Hoàng Văn Quang (Chủ biên) | |
| 260 | |a Hà Nội | ||
| 260 | |b Khoa học và Kỹ thuật | ||
| 260 | |c 2013 | ||
| 520 | |a Trình bày một số kiến thức cơ bản về kết cấu thép nhà công nghiệp một tầng, nhà nhịp lớn và nhà cao tầng | ||
| 650 | |a Steel, Structural,Kết cấu thép | ||
| 904 | |i Hải | ||
| 910 | |a Lấy số cutter theo tập 1 | ||
| 980 | |a Trung tâm Học liệu Trường Đại học Cần Thơ | ||